| 000 | 02728 a2200397 4500 | ||
|---|---|---|---|
| 003 | OSt | ||
| 005 | 20180116182617.0 | ||
| 008 | 160426b xxu||||| |||| 00| 0 eng d | ||
| 020 | _a1412902207 | ||
| 020 | _a9781412902205 | ||
| 040 | _c0 | ||
| 082 | 0 | 4 | _a300.72 |
| 100 | _aCooke, Bill. | ||
| 245 | 0 | 0 | _aFundamentals of action research. |
| 250 | _aFour-Volume Set ed. | ||
| 260 |
_a[S.l.] : _bSage Publications Ltd, _c2005. |
||
| 300 |
_a1688 p. ; _c25 cm. |
||
| 490 | 1 | _aSage benchmarks in social research methods series. | |
| 500 | _aHardcover. | ||
| 520 | _aFundamentals of Action Research brings together, material, much of it hard to obtain, into one collection. It is a foundation resource for individuals and institutions on which to build their action research knowledge bank and will be the first point of reference for action research practitioners and academics. The content includes entries on action research and other methodologies which have developed out of action research. The editors recognize the eclecticism of the field, but have kept a tight focus on the topic, rather than trying to incorporate all forms of applied and/or participatory social research. More than a general overview, the set explores how the material extends and changes our understanding of the development of the field, and the contributions of key people and ideas within it. The book is initially organized into historically sequenced sections but includes sections for various contemporary branches of action research. Subjects covered include: the pre-history, the foundations, unrecognized classics, the development of action research, action research and the workplace, action research and social change, emergent varieties of action research, action research in the 21st century and the limits of action research. It is a foundation resource for individuals and institutions on which to build their action research knowledge bank and will be the first point of reference for action research practitioners and academics. | ||
| 650 | 4 | _aSociology & Anthropology: Professional. | |
| 650 | 4 | _aResearch methods: general. | |
| 650 | 4 | _aSocial research & statistics. | |
| 650 | 4 | _aSociology. | |
| 650 | 4 | _aMedical. | |
| 650 | 4 | _aAction research. | |
| 650 | 4 | _aResearch. | |
| 650 | 4 | _aSocial Science / Research. | |
| 650 | 4 | _aAction research. | |
| 700 | 1 | _aCooke, Bill. | |
| 700 | 1 | _aCox, Julie Wolfram. | |
| 830 | 0 | _aSage benchmarks in social research methods series. | |
| 856 | 4 | 0 |
_3Amazon.com _uhttp://www.amazon.com/exec/obidos/ASIN/1412902207/chopaconline-20 |
| 856 | 4 | 0 |
_3Amazon customer reviews _uhttp://www.chopac.org/cgi-bin/tools/azrev.pl?q=1412902207 |
| 942 |
_aNBS _cBK _k300.72222 COO _2ddc |
||
| 999 |
_c342713 _d342713 |
||